| 000 | 00531nam a2200205Ia 4500 | ||
|---|---|---|---|
| 005 | 20260429112313.0 | ||
| 008 | 260429s9999||||xx |||||||||||||| ||und|| | ||
| 020 | _a9789355276025 | ||
| 041 | _aEnglish | ||
| 082 |
_a954.87 _bRIC |
||
| 100 | _aRice, B. Lewis | ||
| 245 | 0 |
_aInscription of Shimoga district, Part 1 / _cB. Lewis Rice |
|
| 250 | _a1st ed. | ||
| 260 |
_aChennai : _bMaven Books, _c2023. |
||
| 300 | _ahb | ||
| 650 | _a Epigraphy | ||
| 650 | _a Karnataka-History | ||
| 650 | _aInscriptions-India | ||
| 942 | _cTB | ||
| 999 |
_c53394 _d53394 |
||